00719nam a2200181 i 450000100060000000300090000600500170001500700030003200800410003510000290007624501570010526000440026230000220030670000500032885200210037899900170039995201210041694543ES-MaACL20230906181514.0t|050506s1914 mx ||||1| spa d1 aLoria, Francisco.97420710aLo que ha sido y debe ser la política ferrocarilera de México / cpor Francisco Loria; con introdución de D. Carlos Basave y del Castillo Negrete. aMéxico : bTipo. económica, c1914. a147 p. ; c18 cm.1 aBasave y del Castillo Negrete, Carlos.926255 aES-MaACLjG-1324 c94543d94543 00104070aATENEOMbATENEOMcDEPO2d2008-01-17eSCl0oG-1324p1098741r2023-02-23 00:00:00w2023-02-23yMONOGRAFIA